Deutsche Einheitsverfahren zur Wasser-, Abwasser- und Schlammuntersuchung ; physikalische, chemische und bakteriologische Verfahren /

Bibliographic Details
Corporate Authors: Gesellschaft Deutscher Chemiker, Verein Deutscher Chemiker. Arbeitsgruppe Wasserchemie, Einschliesslich Abfallstoff- und Korrosionsfragen
Other Authors: Haase, Ludwig Werner, 1903-
Format: Book
Language:German
Published: Weinheim/Bergstr : Verlag Chemie, 1954.
Subjects:

MARC

Tag First Indicator Second Indicator Subfields
LEADER 00000cam a2200000 4500
001 in00000047096
005 20151007065424.0
008 800528s1954 gw 00010 ger
010 |a  54033202  
035 |a (OCoLC)06363376 
035 |9 AAE1966AM 
040 |a DLC  |c TXA  |d UtOrBLW 
049 |a TXAM  |c [458091] 
050 0 |a QD142  |b .G45 
092 |a 543.3  |b G389d, 1954 
110 2 |a Gesellschaft Deutscher Chemiker. 
245 1 0 |a Deutsche Einheitsverfahren zur Wasser-, Abwasser- und Schlammuntersuchung ;  |b physikalische, chemische und bakteriologische Verfahren /  |c Hrsg. im Auftrage der Fachgruppe Wasserchemie in der Gesellschaft Deutscher Chemiker e. V. Bearb. von Ludwig-Werner Haase gemeinsam mit Hans Stooff, Georg Gad, Walter Wesly und anderen Mitgliedern der Fachgruppe. 
264 1 |a Weinheim/Bergstr :  |b Verlag Chemie,  |c 1954. 
300 |a 180 pages ;  |c 25 cm. 
336 |a text  |b txt  |2 rdacontent 
337 |a unmediated  |b n  |2 rdamedia 
338 |a volume  |b nc  |2 rdacarrier 
500 |a Based on Einheitsverfahren der physikalischen und chemischen Wasseruntersuchung, issued in 1940 by the Arbeitsgruppe Wasserchemie, Einschliesslich Abfallstoff- und Korrosionsfragen of the Verein Deutscher Chemiker. 
650 0 |a Water  |x Analysis. 
700 1 |a Haase, Ludwig Werner,  |d 1903- 
710 2 |a Verein Deutscher Chemiker.  |b Arbeitsgruppe Wasserchemie, Einschliesslich Abfallstoff- und Korrosionsfragen.  |t Einheitsverfahren der physikalischen und chemischen Wasseruntersuchung. 
999 |a MARS 
999 f f |s b8f19603-f9e7-3366-86e8-908ffa7a2687  |i 1980f15d-a987-3410-bcf0-61a2793b5a7a  |t 0 
952 f f |p ric  |a Texas A&M University  |b Rellis Campus  |c Joint Library Facility  |d Remote Storage  |t 0  |e QD142 .G45  |h Library of Congress classification  |i unmediated -- volume  |m A14800939484 
998 f f |a QD142 .G45  |t 0  |l Remote Storage